V8 Ingredients Quiz Stats

 Plays Quiz Updated Dec 6, 2018

     
Support Sporcle.
Go Orange.
Score 0/8 Timer 01:00
5 Plays Today
% Correct
Tomato
96.9%
Carrot
91%
Celery
74.7%
Lettuce
39.9%
Beets
35.8%
Spinach
24.4%
Parsley
11%
Watercress
7.1%

From the Vault

The Unwelcome Guest VI

by Thebiguglyalien

Movies 6m
You may need to think outside the box a little.
Remove Ads.
Support Sporcle.
Get the best of Sporcle when you Go Orange. This ad-free experience offers more features, more stats, and more fun while also helping to support Sporcle. Thank you for becoming a member.

Show Comments

Extras

Top Quizzes Today


Score Distribution

Your Account Isn't Verified!

In order to create a playlist on Sporcle, you need to verify the email address you used during registration. Go to your Sporcle Settings to finish the process.

Report this User

Report this user for behavior that violates our Community Guidelines.

Details: